<<Az>> idei Posonium díjasokról súlyos életművek, igényes honismeret, ígéretes költői indulás

Bibliographic Details
Main Author: Kövesdi, Károly, 1953- (Author)
Format: Article
Language:Hungarian
Slovak
PhysicalDescription:Fotogr.
Subjects:

MARC

LEADER 00000nab a2200000 a 4500
001 vtls000880801
003 SK-MaSNL
005 20260318114901.0
008 160314c2004 xo 0 hun
015 |a SNBRB2004/08-24588 
035 |a CLN000232328 
040 |a SNKBUCL  |b slo  |c SNKBUCL  |e AACR2 
041 0 |a slo 
044 |a xo  |c SK 
080 |a 82:061.7(=511.141)(437.6)  |2 UDC-MRF-SK2 
080 |a 821.511.141 (437.6):061.7  |2 UDC-MRF-SK2 
080 |a 7:061.7  |2 UDC-MRF-SK2 
100 1 |a Kövesdi, Károly,  |d 1953-  |4 aut  |9 264403 
245 1 0 |a <<Az>> idei Posonium díjasokról  |b súlyos életművek, igényes honismeret, ígéretes költői indulás  |c Kövesdi Károly 
300 |b Fotogr. 
650 0 7 |a Literárna cena Posonium  |y 2004  |2 snkbucl  |9 872073 
650 0 7 |a Umelecká cena Posonium  |y 2004  |2 snkbucl  |9 872074 
651 7 |a Bratislava (Slovensko)  |2 snkbucl  |9 14568 
773 0 |t Vasárnap  |g Roč. 37, č. 27 (2004), s. 14-15 
850 |a Slovenská národná knižnica v Martine 
852 |a SNK  |b KIS3GCP 
958 |a SK 
958 |a HU 
958 |a LX 
958 |a RBX 
999 |c 3293421  |d 3295351